| 000 | 00531nam a2200181 a 4500 | ||
|---|---|---|---|
| 001 | 2161 | ||
| 003 | CDMR | ||
| 005 | 20131121125351.0 | ||
| 008 | 130130s1964||||||||||||||||||||||||||||d | ||
| 040 |
_aCDMR _bcat _cCDMR |
||
| 100 | 1 |
_aLippmann, Walter _91611 |
|
| 245 | 1 | 3 |
_aLa opinión pública _cWalter Lippmann |
| 260 |
_aBuenos Aires _c1964 _bCompañía General Fabril Editora |
||
| 300 | _a324 p. | ||
| 650 | 0 | 4 |
_92537 _aOpinió pública |
| 650 | 0 | 4 |
_93267 _aMitjans de comunicació de massa _zEstats Units d'Amèrica |
| 942 |
_cMON _2udc |
||
| 999 |
_c2161 _d2161 |
||